000 00550nam a2200169Ia 4500
008 140626s9999 xx 000 0 und d
100 _aWalmsley, Jan .
245 3 _aAn investigation into the implementation of annual health checks for people with intellectual disabilities /
_cJan Walmsley.
260 _cc2011.
300 _a15 : 3, page 157
440 _aJournal of Intellectual Disabilities
521 _aSPED
650 _a Primary health care.
650 _aAnnual health checks.
650 _aIntellectual disabilities.
942 _cSE
999 _c120947
_d120947